LDR 01028naa#a2200193#i#450# 001 RU\\bibl\114903 005 20260602014637.2 011 ## _a2588-0209 100 ## _a20260227b2026####ek#y0rusy0150####ca 102 ## _aRU 200 1# _aАВТОМАТИЗАЦИЯ ПРОЦЕССА СБОРА ИНФОРМАЦИИ ДЛЯ КАДАСТРОВОЙ ОЦЕНКИ ЗЕМЕЛЬНЫХ УЧАСТКОВ С ПРИМЕНЕНИЕМ НЕЙРОСЕТЕВЫХ ТЕХНОЛОГИЙ _eЖурнальная статья 210 1# _aМосква _cЭлектронная наука _d2026 215 ## _a25 с. 608 ## _aЖурнальная статья _2local 675 ## _aЦена земли. Цена недвижимости. Продуктивность земли. Рента. 332.6 _aИскусственный интеллект. 004.8 _z 700 #1 _aБарсукова _gГалина Николаевна 700 #1 _aЛысенко _gАлександр Анатольевич 700 #1 _aПузанова _gДарья Сергеевна 856 4# _aiacj.ru _u